Changes to Escape the Backrooms Levels - Statistics

General Stats
  • This quiz has been taken 8 times
  • The average score is 7 of 8
Answer Stats
Level Description Answer % Correct
Level Fun Back then, in the first release, you couldn’t pop the (…) Balloons
100%
0 Back then, you could’ve just found the exit. Now you have to collect pieces for the (…) Ladder
100%
1 The Habitable Zone was usually just one (…), but now it is made up of 4 Section
100%
Poolrooms Then, the pools were realistic and colorless, now they have a light (…) color to them Blue
83%
2 Pipe Dreams used to only lead one way, now it leads both to level fun, and (…) The Electrical Station
83%
Inf. Staircase The only change here is that there was added a (…) to the first floor Hint
67%
Level ! Really the only change here is that the (…) looked different Partygoers
67%
The End Back in the end, there were no such (…) you could distract the entity with Alarms
50%
No matching quizzes found
Score Distribution
Percent of People with Each Score
Percentile by Number Answered
Your Score History
You have not taken this quiz